Central Library OPAC University of Rajshahi

Linear electronic circuits and systems / (Record no. 13865)

MARC details
000 -LEADER
fixed length control field 00808nam a2200265 4500
001 - CONTROL NUMBER
control field 13865
003 - CONTROL NUMBER IDENTIFIER
rucl marc code BD-RjUL
005 - DATE AND TIME OF LATEST TRANSACTION
control field 20211208235527.0
008 - FIXED-LENGTH DATA ELEMENTS--GENERAL INFORMATION
fixed length control field 161211s1974 enka 001 0 eng
035 ## - SYSTEM CONTROL NUMBER
System control number (BD-RjUL)13917
040 ## - CATALOGING SOURCE
Original cataloging agency DLC
Transcribing agency DLC
Modifying agency DLC
-- BD-RjUL
Language of cataloging eng
041 ## - LANGUAGE CODE
Language code of text/sound track or separate title eng
082 00 - DEWEY DECIMAL CLASSIFICATION NUMBER
Classification number 621.3815
Author mark and year BIL 1974
Edition number 23
100 1# - MAIN ENTRY--PERSONAL NAME
Personal name Bishop, George D.
Fuller form of name (George Daniel),
Dates associated with a name 1922-
9 (RLIN) 43343
245 10 - TITLE STATEMENT
Title Linear electronic circuits and systems /
Statement of responsibility, etc. G. D. Bishop.
260 ## - PUBLICATION, DISTRIBUTION, ETC. (IMPRINT)
Place of publication, distribution, etc. London :
Name of publisher, distributor, etc. Macmillan,
Date of publication, distribution, etc. 1974.
300 ## - PHYSICAL DESCRIPTION
Pagination xi, 147 p. :
Illustrations ill. ;
Size 24 cm.
490 0# - SERIES STATEMENT
Series statement Macmillan basis books in electronics
504 ## - BIBLIOGRAPHY, ETC. NOTE
Bibliography, etc Includes index.
650 #0 - SUBJECT ADDED ENTRY--TOPICAL TERM
Topical term or geographic name as entry element Electronic circuits.
9 (RLIN) 38587
Topical term or geographic name as entry element Operational amplifiers.
9 (RLIN) 43344
Topical term or geographic name as entry element Transistor circuits.
9 (RLIN) 39274
942 ## - ADDED ENTRY ELEMENTS (KOHA)
Source of classification or shelving scheme Dewey Decimal Classification
Koha item type Books
Holdings
Lost status Source of classification or shelving scheme Damaged status Not for loan Collection code Permanent Location Current Location Shelving location Date acquired Source of acquisition Cost, normal purchase price Total Checkouts Full call number Date last seen Copy number Koha item type
  Dewey Decimal Classification     Non-fiction Central Library, University of Rajshahi Central Library, University of Rajshahi   30/10/1978 Heffers, London 2.25   621.3815 BIL 1974 02/02/2014 C-2 Books
  Dewey Decimal Classification   Not For Loan Non-fiction Central Library, University of Rajshahi Central Library, University of Rajshahi Reading Room 30/10/1978 Heffer London 2.25   621.3815 BIL 1974 18/03/2017 C-1 Books
  Dewey Decimal Classification     Non-fiction Central Library, University of Rajshahi Central Library, University of Rajshahi   30/10/1978 Heffers. 2.25   621.3815 BIL 1974 29/05/2017 C-3 Books
  Dewey Decimal Classification     Non-fiction Central Library, University of Rajshahi Central Library, University of Rajshahi   30/10/1978 Heffers. 2.25   621.3815 BIL 1974 29/05/2017 C-4 Books
  Dewey Decimal Classification     Non-fiction Central Library, University of Rajshahi Central Library, University of Rajshahi   30/10/1978 Heffers. 2.25   621.3815 BIL 1974 29/05/2017 C-5 Books